000 00366 a2200145 4500
999 _c12692
_d12692
008 240722b ||||| |||| 00| 0 eng d
020 _a ‎ 9781119941286
082 _a720.1
100 _a Juhani Pallasmaa
245 _aThe Eyes of the Skin: Architecture and the Senses
250 _a3rd edition
260 _bWiley;
_c 2012
300 _a128p;
942 _2ddc